Transformers : Autobots ou Decepticons - Statistiques

Statistiques générales
  • Ce quiz a été pris 43 fois
  • Le résultat moyen est 11 sur 12
Statistiques - réponses
Question Réponse % Correct
Optimus Prime Autobots
100%
Bumblebee Autobots
100%
Megatron Decepticons
100%
Devastator Decepticons
100%
Starscream Decepticons
97%
Ratchet Autobots
94%
Ironhide Autobots
94%
The Fallen Decepticons
94%
Barricade Decepticons
88%
Soundwave Decepticons
82%
Sideswipe Autobots
76%
Sentinel Prime Autobots
61%
Aucun quiz correspondant
Distribution des résultats
% des personnes avec chaque résultat
Percentile par nombre de réponses
Votre historique - résultats
Vous n’avez pas pris ce quiz